000 01009nam a2200301Ia 4500
003 OSt
005 20221006160347.0
006 a|||||r|||| 00| 0
007 ta
008 221006b |||||||| |||| 00| 0 eng d
020 _a9781443841658
_c£44.99
024 _a45,046
037 _b101/2013-14, 28/02/2014, Pioneer Book Distributor
_cTextual
040 _aEASL
_cEASL
_beng
041 _2eng
_aeng
082 _aU28940aY:1, Q2
100 _aTzaneva Elya etc. Ed.
_9673028
245 0 _aDisasters and cultural stereotypes
260 _aUK
_bCambridge Scholars Publishing
_c2012
300 _a286p.
_ccm.
490 _v Gen
500 _aR&D Budget: RM Sensei
650 _a Gen
650 _a Social crisis - Cultural management
_9673029
650 _aNatural biological and technological disasters - cultural responses
_9673030
942 _hU28940aY:1, Q2
_cTEXL
_2CC
999 _c1113138
_d1113138